Every Single Pizza Tower Level - Statistics

General Stats
  • This quiz has been taken 20 times
  • The average score is 8 of 29
Answer Stats
Answer % Correct
Ancient Cheese
89%
Pizzascape
78%
The Crumbling Tower Of Pizza
78%
John Gutter
67%
Tutorial
56%
Golf
44%
The Pig City
44%
WAR
44%
Deep-Dish 9
33%
Don't Make A Sound
33%
Gnome Forest
33%
Oregano Desert
33%
Pizzascare
33%
Bloodsauce Dungeon
22%
Crust Cove
22%
Fast Food Saloon
22%
Refrigerator Refridgerador Freezerator
22%
Fun Farm
11%
Oh Shit!
11%
Peppibot Factory
11%
VS. Pepperman
11%
VS. The Noise
11%
VS. The Vigilante
11%
Wasteyard
11%
Secrets Of The World
0%
Tricky Treat
0%
VS. Fake Peppino
0%
VS. Pizzaface
0%
VS. The Doise
0%
No matching quizzes found
Score Distribution
Percent of People with Each Score
Percentile by Number Answered
Your Score History
You have not taken this quiz